|
|
|
|
| LEADER |
01170cam a2200289 7i4500 |
| 001 |
0000036120 |
| 005 |
20190829090000.0 |
| 007 |
##ta |
| 008 |
190829s2018 nyua b 1 eng |
| 020 |
# |
# |
|a 9789211207804
|
| 040 |
# |
# |
|a MATR
|
| 090 |
0 |
0 |
|a I 338.95
|b UNI
|
| 110 |
2 |
# |
|a United Nations(:
|c New York, N.Y.))
|
| 245 |
0 |
0 |
|a ECONOMIC AND SOCIAL SURVEY OF ASIA AND THE PACIFIC 2018 :
|b Mobilizing Finance for Sustained, Inclusive and Sustainable Economic Growth
|c ESCAP.
|
| 264 |
# |
1 |
|a New York:
|b United Nations,
|c 2018.
|
| 300 |
# |
# |
|a 138 pages:
|b illustrations (black and white, and colour);
|c 27 cm.
|
| 336 |
# |
# |
|a text
|2 rdacontent
|
| 337 |
# |
# |
|a unmediated
|2 rdamedia
|
| 338 |
# |
# |
|a volume
|2 rdacarrier
|
| 504 |
# |
# |
|a Includes bibliographical references
|
| 650 |
# |
0 |
|a Economic development --
|x Government policy --
|x Pacific Area.
|
| 650 |
# |
0 |
|a Economic development --
|x Government policy --
|z Asia
|
| 650 |
# |
0 |
|a Economic development --
|z Pacific Area
|
| 650 |
# |
0 |
|a Economic development --
|z Asia
|
| 651 |
# |
0 |
|a Pacific --
|x Area Economic conditions
|
| 651 |
# |
0 |
|a Asia --
|x Economic conditions
|
| 999 |
|
|
|a 0000040350
|b Book
|c International
|e Business Information Centre
|